आज भी खरे हैं तालाब (Record no. 121906)
[ view plain ]
| 000 -LEADER | |
|---|---|
| fixed length control field | 00745nam a22002057a 4500 |
| 010 ## - LIBRARY OF CONGRESS CONTROL NUMBER | |
| LC control number | B-078083 |
| 020 ## - INTERNATIONAL STANDARD BOOK NUMBER | |
| Terms of availability | 140.00 |
| 035 ## - SYSTEM CONTROL NUMBER | |
| System control number | B-078083 |
| 037 ## - SOURCE OF ACQUISITION | |
| Stock number | Cen Lib/Ret |
| 040 ## - CATALOGING SOURCE | |
| Original cataloging agency | DPL |
| Language of cataloging | HN |
| 082 ## - DEWEY DECIMAL CLASSIFICATION NUMBER | |
| Classification number | 551.482 |
| Item number | मिश्रअ |
| 100 ## - MAIN ENTRY--PERSONAL NAME | |
| Personal name | मिश्र, अनुपम |
| 9 (RLIN) | 113507 |
| 245 ## - TITLE STATEMENT | |
| Title | आज भी खरे हैं तालाब |
| Statement of responsibility, etc | अनुपम मिश्र |
| 246 ## - VARYING FORM OF TITLE | |
| Title proper/short title | Aaj bhi khare hein talab |
| 250 ## - EDITION STATEMENT | |
| Edition statement | 4th ed. |
| 260 ## - PUBLICATION, DISTRIBUTION, ETC. (IMPRINT) | |
| Place of publication, distribution, etc | नई दिल्ली |
| Name of publisher, distributor, etc | पर्यावरण कछ, गांधी सन्ति प्रतिस्थान |
| Date of publication, distribution, etc | 2002 |
| 300 ## - PHYSICAL DESCRIPTION | |
| Extent | 120p. |
| Other physical details | 24cm(HB) |
| 650 ## - SUBJECT ADDED ENTRY--TOPICAL TERM | |
| Topical term or geographic name as entry element | Environmental science |
| 9 (RLIN) | 10584 |
| 942 ## - ADDED ENTRY ELEMENTS (KOHA) | |
| Source of classification or shelving scheme | Dewey Decimal Classification |
| Koha item type | English Books |
| Classification part | 551.482 |
| Call number suffix | मिश्रअ |
| Withdrawn status | Lost status | Source of classification or shelving scheme | Damaged status | Not for loan | Home library | Current library | Date acquired | Source of acquisition | Cost, normal purchase price | Total Checkouts | Total Renewals | Full call number | Barcode | Date last seen | Date checked out | Copy number | Cost, replacement price | Price effective from | Koha item type |
|---|---|---|---|---|---|---|---|---|---|---|---|---|---|---|---|---|---|---|---|
| Dewey Decimal Classification | Central Library | Central Library | 26/12/2015 | Cen Lib/Ret | 140.00 | 2 | 1 | 551.482 मिश्रअ | B-078083 | 19/03/2018 | 10/03/2018 | 1 | 140.00 | 26/12/2015 | Hindi Books |
